00660nam a22002057i 450000100060000000300080000600500170001400800390003103500140007004000270008404100080011108200220011910000330014124500870017426000430026130000260030450000530033050000350038374000360041832774BD-RjUL20211209051907.0140428s1873 dcu a 000 0 eng a(BD-RjUL) aDLCcDLCbengdBD-RjUL aeng a297.633bALC 18731 aAli, Syed Ameer,d1849-1928.12aA critical examination of the life and teachings of Mohammed /cby Syed Ameer Ali. aLondon :bWilliams and Norgate,c1873. axvi, 346 p. ;c19 cm. aCall number of original: 4BP 61 (P4 collection). aMaster microform held by: DLC.0 aLife and teachings of Mohammed.